000
00437nam a2200145Ia 4500
008
100204s9999 xx 000 0 und d
082
_b
11386
100
_a
काकोडकर चंद्र्रकांत
245
_a
अभिमान
260
_b
"मनोरमा प्रकाशन , मुंबई"
_c
1989
300
_a
186
630
_a
अभिमान
730
_a
अभिमान
942
_c
BOOK
999
_c
455822
_d
455819